Guess the Taylor Swift Song with the name Scramble (Reputation) - Statistics

General Stats
  • This quiz has been taken 87 times
  • The average score is 14 of 15
Answer Stats
Hint Answer % Correct
ssdre Dress
99%
okol hatw yuo dema em od Look What You Made Me Do
99%
rgaawet rca Getaway Car
98%
deyra rof ti . . .Ready For It?
94%
ihst si ywh ew tnca veha cine gisnth This Is Why We Can't Have Nice Things
94%
I idd ogstehnim dab I Did Something Bad
93%
os it oegs So It Goes. . .
93%
otnd labme em Don't Blame Me
91%
enw aryes yad New Year's Day
91%
alcl ti hawt ouy awnt Call It What You Want
90%
sergguoo Gorgeous
88%
gnki fo ym rreta King Of My Heart
88%
ctaildee Delicate
87%
nndaigc ihtw uro saddh itde Dancing With Our Hands Tied
85%
ngd mage End Game
84%
No matching quizzes found
Score Distribution
Percent of People with Each Score
Percentile by Number Answered
Your Score History
You have not taken this quiz